header

The Republic of faith (Record no. 57637)

MARC details
000 -LEADER
fixed length control field 02027nam a2200337Ia 4500
082 04 - DEWEY DECIMAL CLASSIFICATION NUMBER
Classification number 291.1/72/0973
245 04 - TITLE STATEMENT
Title The Republic of faith
260 ## - PUBLICATION, DISTRIBUTION, ETC. (IMPRINT)
Place of publication Aurora, Colo. :
Name of publisher Davies Group,
Year of publication c2002.
300 ## - PHYSICAL DESCRIPTION
Number of Pages x, 163 p.
490 1# - SERIES STATEMENT
Series statement Religion in American culture
700 1# - ADDED ENTRY--PERSONAL NAME
Personal name Raschke, Carl A.
Personal name Dean, William D.
856 40 - ELECTRONIC LOCATION AND ACCESS
Uniform Resource Identifier http://site.ebrary.com/lib/rucke/Doc?id=10039180

No items available.

© 2026 Rongo University
Contact us: librarian | system librarian | Rongo university